| 000 | 00847nam a22002177a 4500 | ||
|---|---|---|---|
| 003 | OSt | ||
| 005 | 20240618034105.0 | ||
| 006 | a | ||
| 008 | 240618b |||||||| |||| 00| 0 eng d | ||
| 040 |
_aDWCL-Main lib. _cOC |
||
| 082 | _aCirc. 303.4825 A849p 1999 | ||
| 111 | _aNoel Servigon, Marshall Louis Alferez | ||
| 245 | _aASEAN and the Philippines : 1997-1998 / | ||
| 260 |
_aManila : . _bASEAN-Phils. National Secretariat Office of ASEAN Affairs, Dept. of Foreign Affairs, in cooperation with Foreign Service Institute, _cc1999. |
||
| 300 |
_b183 p. ; _c23 cm. |
||
| 650 | _a1. Asia, Southeastern–Relations–Philippines. | ||
| 650 | _a2. Philippines–Relations–Asia, Southeastern. | ||
| 650 | _a3. ASEAN (Association of Southeast Asian Nations). | ||
| 711 | _aNoel Servigon, Marshall Louis Alferez | ||
| 942 |
_2ddc _n0 _cBK-CIRC _kCirc. |
||
| 999 |
_c809 _d809 |
||